000 00907nam a2200241Ia 4500
003 GCL
008 140319s9999 xx 000 0 ara d
040 _aGCL /
_cGCL
082 0 4 _a818
_bح ط
100 1 _aالطاهر احمد مكى
245 1 0 _aطوق الحمامة فى الالفة والالاف /
_cالطاهر احمد مكى
700 1 _aابن حزم : ابومحمد على بن احمد بن سعيد بن حزم بن غالب بن صالح الظاهرى
260 _a[S.N] :
_bدار الهلال للطباعة والنشر ،
_c1994
300 _a366 ص
490 _a
650 0 4 _aالادب العربى
650 0 4 _aالحضارة العربية الاسلامية - المعارف البحرية
650 0 4 _aالنثر العربى
650 0 4 _aالاندلس
650 0 4 _aالحضارة الاسلامية
650 0 4 _aتاريخ ونقد
942 _2ddc
_cBK
999 _c31420
_d31420